Bilecik Bilecik Bilecik Bilecik Bilecik

Küçük prens/ (Record no. 59665)

MARC details
000 -BAŞLIK
Sabit Uzunluktaki Kontrol Alanı 00998nam a22003257a 4500
001 - KONTROL NUMARASI
Control Dosyası 0059861
003 - KONTROL NUMARASI KİMLİĞİ
Kontrol Alanı KOHA_MİRAKIL
005 - EN SON İŞLEM TARİHİ ve ZAMANI
Kontrol Alanı 20260207004243.0
007 - FİZİKSEL TANIM SABİT ALAN - GENEL BİLGİ
Sabit uzunluklu kontrol alanı ta
008 - SABİT UZUNLUKTAKİ VERİ ÖGELERİ - GENEL BİLGİ
Sabit Alan 190307b2016 xx |||gr||||#0|||1|tur |
020 ## - ISBN - ULUSLARARASI STANDART KİTAP NUMARASI
Isbn 9789750724435
Nitelik bilgileri
040 ## - KATALOGLAMA KAYNAĞI
Özgün Kataloglama Kurumu TR-BiSEU
Kataloglama Dili tur
Çeviri Kurumu TR-BiSEU
Açıklama Kuralları rda
041 0# - DİL KODU
Metin ya da ses kaydının dil kodu tur
044 ## - YAYINLAYAN/ÜRETEN KURULUŞUN ÜLKE KODU
ISO country code tu
050 ## - SINIFLAMA ve YER NUMARASI
Sınıflama Numarası PQ2637.A27
Yer Numarası K83 2016
100 1# - KİŞİ ADI
Yazar Adı (Kişi adı) Saint - Exupery, Antonie de.
245 1# - ESER ADI BİLDİRİMİ
Başlık Küçük prens/
Sorumluluk Bildirimi Antonie de Saint - Exupery ; Antonie de Saint - Exupery; Çevirisi Cemal Süreya, Tomris Uyar.
250 ## - BASIM BİLDİRİMİ
Basım Bildirimi 9. Basım.
264 #1 - ÜRERİM, YAYIN, DAĞITIM ve TELİF BİLDİRİMİ
Yayın yeri İstanbul :
Yayınlayan Can Çocuk
Yayın tarihi 2016
300 ## - FİZİKSEL TANIMLAMA
Sayfa, Cilt vb. 105 sayfa: resimli; 20 cm.
336 ## - İÇERİK TÜRÜ
Content type term metin
Content type code txt
Source rdacontent
337 ## - MEDYA TÜRÜ
Media type term aracısız
Media type code n
Source rdamedia
338 ## - TAŞIYICI TÜRÜ
Carrier type term cilt
Carrier type code nc
Source rdacarrier
650 #0 - KONU BAŞLIĞI EK GİRİŞ - KONU TERİMİ
Konusal terim veya coğrafi ad Çocuk edebiyatı--Roman.
9 (RLIN) 30662
650 #0 - KONU BAŞLIĞI EK GİRİŞ - KONU TERİMİ
Konusal terim veya coğrafi ad Fransı edebiyatı.
9 (RLIN) 90941
650 #0 - KONU BAŞLIĞI EK GİRİŞ - KONU TERİMİ
Konusal terim veya coğrafi ad Children Literature--Fiction.
9 (RLIN) 90942
650 #0 - KONU BAŞLIĞI EK GİRİŞ - KONU TERİMİ
Konusal terim veya coğrafi ad French litarature.
9 (RLIN) 90943
907 ## - LOCAL DATA ELEMENT G, LDG (RLIN)
a Roman
942 ## - EK GİRİŞ ÖGELERİ (KOHA)
Source of classification or shelving scheme Library of Congress Classification
Koha item type Book
Holdings
Materyal Türü Kalıcı Konum Mevcut Konum Raf Yeri Sınıflandırma Kaynağı Edinim Bilgisi Ana Konular Alt Konular Yer Numarası Demirbaş Numarası Fatura Tarihi Geri Çekilme Durumu Kayıp Durumu Hasarlı Durumu Kredi için değil Kayıt Tarih Toplam Ödünçverme Son Görülme Tarihi Son Kontrol Tarihi Genel / Bağış Notu
Book BŞEÜ Söğüt MYO Kütüphanesi BŞEÜ Söğüt MYO Kütüphanesi   Library of Congress Classification Bağış DİL VE EDEBİYAT Fransız - İtalyan - İspanyol - Portekiz Edebiyatı PQ2637.A27 K83 2016 0064369 02/02/2026 Düşüldü Kayıp     07/03/2019   04/03/2025 04/03/2025 Genel Bağış
Book Prof. Dr. Azmi Özcan Kütüphanesi Prof. Dr. Azmi Özcan Kütüphanesi Birûni Salonu Library of Congress Classification Bağış DİL VE EDEBİYAT Fransız - İtalyan - İspanyol - Portekiz Edebiyatı PQ2637.A27 K83 2016 0059861 02/02/2026         17/01/2017 38 02/04/2026 25/02/2026